000 00612nam a2200229Ia 4500
003 OSt
005 20220928114725.0
006 a|||||r|||| 00| 0
007 ta
008 220927b |||||||| |||| 00| 0 eng d
024 _a121752
037 _cTextual
040 _aSDCL
_cSDCL
_beng
041 _2eng
_aeng
082 _aS:(V1:195), P3
100 _aMacnair Rachel M
_9440576
245 0 _aPsychology of peace
_b An Introduction.
260 _aLondon
_bPraeger
_c2003
300 _ax,239p.
_ccm.
942 _hS:(V1:195), P3
_cTEXL
_2CC
999 _c756139
_d756139